00866nab a2200241 uc450000100070000000500170000700800410002403500110006503500210007604000130009704100080011010000460011824501050016465000330026965000290030265000310033165000350036265000290039765000270042665000170045370000370047077301170050785027320240201190656.0031023e19950324 spa  a850273 a(OCoLC)820080907 ccomduadb aspa10aHerrera Bautista, Martha Rebeca4auteaut10aDistribucion de talla y peso en poblacion infantil de la region de la Sierra Norte de Puebla, Mexico aAntropologia fisica - Mexico aAntropometría - Mexico aAntropometría en niños aSierra Norte - Puebla - Mexico aAntropometría indigena 4aEstadística aplicada aPeso y talla10aLópez Alonso, Sergio4auteaut0 tEstudios de Antropología Biológica (México)gVol. 05, Mar. 24, 1995, p. 349-364w690677x1405-50660216497